Mecánica de sólidos
Guardat en:
| Autors principals: | , |
|---|---|
| Format: | Llibre |
| Idioma: | espanyol |
| Publicat: |
Ciudad de México
McGraw Hill
1996
|
| Matèries: | |
| Etiquetes: |
Afegir etiqueta
Sense etiquetes, Sigues el primer a etiquetar aquest registre!
|
MARC
| LEADER | 00000nam a2200000 a 4500 | ||
|---|---|---|---|
| 001 | UCR3010 | ||
| 003 | CL-VaPUC | ||
| 008 | 980123e19960000MX |||||||||||||||||spa|d | ||
| 020 | |a 970101023X | ||
| 082 | 0 | 4 | |a 620.105 |b LAR |2 21 |
| 100 | |a Lardner, Thomas J |e author |9 426565 | ||
| 700 | 0 | |a Archer, Robert R |e author |9 401688 | |
| 245 | 1 | 0 | |a Mecánica de sólidos |
| 300 | |a 802 p | ||
| 942 | |c BK | ||
| 945 | |d 19980123 00:00:00 |a jquezada | ||
| 260 | |a Ciudad de México |b McGraw Hill |c 1996 | ||
| 500 | |a Incluye disquette | ||
| 650 | 0 | |a Mecánica aplicada |9 260187 | |
| 650 | 0 | |a Sólidos |9 260188 | |
| 650 | 0 | |a Ingeniería |9 259380 | |
| 650 | 0 | |a Estática |9 260452 | |
| 650 | 7 | |a DEFORMACION DE LOS MATERIALES |2 CL-VaPUC |9 401689 | |
| 650 | 7 | |a PRINCIPIOS |2 CL-VaPUC |9 394414 | |
| 650 | 0 | |a Metodología |9 256610 | |
| 650 | 7 | |a ECUACIONES DE EQUILIBRIO |2 CL-VaPUC |9 401690 | |
| 650 | 0 | |a Fuerza |9 345825 | |
| 583 | |a last modification |c 19980123 00:00:00 |k Rodrigo Vera | ||
| 999 | |c 266126 |d 266124 | ||
| 952 | |0 0 |1 0 |2 ddc |4 0 |6 620_105000000000000_LAR_1996 |7 0 |8 A |9 297476 |a BIBING |b BIBING |c GEN |d 2019-11-20 |i 3745910 |o 620.105 LAR 1996 |p 3745910 |r 2025-01-20 |w 2019-11-20 |y BK |k EIQ | ||
| 952 | |0 0 |1 0 |2 ddc |4 0 |6 620_105000000000000_LAR_1996 |7 0 |8 A |9 297477 |a BIBING |b BIBING |c GEN |d 2019-11-20 |i 395692K |o 620.105 LAR 1996 |p 395692K |r 2025-01-20 |w 2019-11-20 |y BK |k EIQ | ||
| 952 | |0 0 |1 0 |2 ddc |4 0 |6 620_105000000000000_LAR_1996 |7 0 |8 A |9 297478 |a BIBING |b BIBING |c GEN |d 2019-11-20 |i 3956938 |o 620.105 LAR 1996 |p 3956938 |r 2025-01-20 |w 2019-11-20 |y BK |k EIQ | ||
| 952 | |0 0 |1 0 |2 ddc |4 0 |6 620_105000000000000_LAR_1996 |7 0 |8 A |9 297479 |a BIBING |b BIBING |c GEN |d 2019-11-20 |i 3956946 |l 1 |o 620.105 LAR 1996 |p 3956946 |r 2025-01-20 |s 2022-06-17 |w 2019-11-20 |y BK |k EIQ | ||
| 952 | |0 0 |1 0 |2 ddc |4 0 |6 620_105000000000000_LAR_1996 |7 0 |8 A |9 297480 |a BIBING |b BIBING |c GEN |d 2019-11-20 |i 3956954 |o 620.105 LAR 1996 |p 3956954 |r 2025-01-20 |w 2019-11-20 |y BK |k EIQ | ||
| 952 | |0 0 |1 0 |2 ddc |4 0 |6 620_105000000000000_LAR_1996 |7 0 |8 A |9 297481 |a BIBING |b BIBING |c GEN |d 2019-11-20 |i 4210115 |o 620.105 LAR 1996 |p 4210115 |r 2025-01-20 |w 2019-11-20 |y BK |k CIC | ||